|
|
|
|
| LEADER |
01211nam a2200265 a 4500 |
| 001 |
1161140 |
| 003 |
BD-DhAAL |
| 008 |
090803r20031962 enka b 001 0 eng d |
| 999 |
|
|
|c 3004
|d 3004
|
| 010 |
|
|
|a 96007765
|
| 020 |
|
|
|a 0349104840
|
| 040 |
|
|
|a DLC
|c DLC
|d DLC
|d BD-DhAAL
|
| 082 |
0 |
0 |
|a 940.27
|2 23
|
| 100 |
1 |
|
|a Hobsbawm, E. J.
|q (Eric J.),
|d 1917-
|9 46875
|
| 245 |
1 |
4 |
|a The age of revolution 1789-1848 /
|c Eric Hobsbawm.
|
| 260 |
|
|
|a London :
|b Abacus ;
|a New York :
|b Vintage Books,
|c 1962, 1977 [Reprinted 1978, 2003]
|
| 300 |
|
|
|a 413 pages :
|c 20 cm.
|
| 504 |
|
|
|a Includes bibliographical references (p. 385-392) and index.
|
| 541 |
1 |
|
|e 00016592, 38048
|a Donated by Akbar Ali Khan (38048)
|
| 650 |
|
0 |
|a Industrial revolution.
|9 46876
|
| 651 |
|
0 |
|a Europe
|x History
|y 1789-1900.
|9 46877
|
| 852 |
4 |
|
|a Ayesha Abed Library
|j General shelf
|
| 942 |
|
|
|2 ddc
|c BK
|
| 952 |
|
|
|0 0
|1 0
|2 ddc
|4 0
|6 940_270000000000000_HOB
|7 0
|9 2719
|a BRACUL
|b BRACUL
|c GEN
|d 2009-08-18
|g 1090.00
|l 8
|m 27
|o 940.27 HOB
|p 3010016592
|r 2018-09-23
|s 2018-07-24
|t 1
|w 2009-08-18
|y BK
|
| 952 |
|
|
|0 0
|1 0
|2 ddc
|4 0
|6 940_270000000000000_HOB
|7 1
|9 70115
|a BRACUL
|b BRACUL
|c AAKC
|d 2022-03-13
|e Donated by Akbar Ali Khan
|l 0
|o 940.27 HOB
|p 3010038048
|r 2022-03-13
|t 2
|w 2022-03-13
|y BK
|